000 00870nam a2200241 a 4500
001 BRL_399
005 20190320210725.0
008 260615c1981----mx-#######---#000-0#spa-#
041 _aesp
044 _amx
050 4 _aSF562.C6
_b.A49 1981
100 1 _aAlzate y Ramírez, José Antonio de
_923789
245 1 0 _aMemoria sobre sobre la naturaleza, cultivo y beneficios de la grana
_cJoseph Antonio de Alzate y Ramìrez
260 _aMéxico
_bAGN
_c1981
300 _a1 portafolio
_bil.
_c32 cm.
500 _aReproducción del manuscrito original que data del año de 1777 (239 laminas)
500 _aEdición facsimilar limitada con motivo del traslado al Archivo General de la Nación al edificio de lecumberri, México, 1981
500 _aAu396
650 1 4 _aCochinilla (Tinte)
_921220
700 1 _aMoreno, Roberto
_923790
902 _aGRL
942 _2lcc
_cB
999 _c9212
_d9212